| 000 | 00370nam a2200133Ia 4500 | ||
|---|---|---|---|
| 003 | GCL | ||
| 008 | 140319s9999 xx 000 0 eng d | ||
| 040 |
_aGCL / _cGCL |
||
| 082 | 0 | 4 |
_a664.0287 _bM F |
| 100 | 1 | _aMALHLOUTHI, M | |
| 245 | 1 | 0 |
_aFOOD PACKAGING AND PRESERWATION / _cMALHLOUTHI, M |
| 260 |
_a[S.N] : _bBLACKIE ACADEMIC & PROFESSIONAL ، _c1994 |
||
| 300 | _a275 P | ||
| 999 |
_c16336 _d16336 |
||